Logo BPK

Biblioteka

Politechniki Koszalińskiej

Źródła utrzymania ludności wiejskiej i wykorzystanie zasobów siły roboczej w różnych regionach / (Rekord nr 35683)

Szczegóły MARC
000 -ETYKIETA REKORDU
podpole kontrolne o stałej długości 01147nam a2200265 i 4500
001 - NUMER KONTROLNY REKORDU
pole kontrolne bg
040 ## - ŹRÓDŁO KATALOGOWANIA
Instytucja, która utworzyła rekord BPK
041 0# - KOD JĘZYKA
Kod języka tekstu pl
080 ## - UNIWERSALNA KLASYFIKACJA DZIESIĘTNA - UKD
UKD 631.115.1:330.567.28](438)"1989/..."(083.41)
008 - POLE O STAŁEJ DŁUGOŚCI - DANE KONTROLNE
podpole kontrolne o stałej długości s pl f |000 0 pol
100 1# - NAZWA OSOBOWA
Nazwa osobowa MICHNA, Waldemar
245 10 - TYTUŁ/ODPOWIEDZIALNOŚĆ
Tytuł Źródła utrzymania ludności wiejskiej i wykorzystanie zasobów siły roboczej w różnych regionach /
Pozostałe elementy strefy tytułu i oznaczenia odpowiedzialności Waldemar Michna.
260 ## - STREFA ADRESU WYDAWNICZEGO
Miejsce wydania Warszawa :
Nazwa wydawcy/dystrybutora IERiGŻ,
Data publikacji, dystrybucji/powstania dokumentu 2002.
300 ## - STREFA OPISU FIZYCZNEGO
Objętość 63, [1] s. :
Inne cechy fizyczne 1 mapa ;
Rozmiary 24 cm.
490 1# - STREFA SERII I DOKUMENTU WIELOCZĘŚCIOWEGO - FORMA NIE DO WYSZUKIWANIA
Tytuł i oznaczenie odpowiedzialności serii Studia i Monografie / Instytut Ekonomiki Rolnictwa i Gospodarki Żywnościowej,
ISSN 0239-7102 ;
Numeracja w obrębie serii 108
504 ## - UWAGA DOTYCZĄCA BIBLIOGRAFII
Informacje o bibliografii Bibliogr.
650 #9 - HASŁO PRZEDMIOTOWE W FORMIE NAZWY OGÓLNEJ LUB JEDNOSTKOWEJ
Nazwa ogólna lub geograficzna Wieś
Określnik ogólny ludność
Określnik geograficzny Polska
Określnik chronologiczny od 1989 r.
650 #9 - HASŁO PRZEDMIOTOWE W FORMIE NAZWY OGÓLNEJ LUB JEDNOSTKOWEJ
Nazwa ogólna lub geograficzna Siła robocza
Określnik geograficzny Polska
Określnik chronologiczny od 1989 r.
650 #9 - HASŁO PRZEDMIOTOWE W FORMIE NAZWY OGÓLNEJ LUB JEDNOSTKOWEJ
Nazwa ogólna lub geograficzna Dochody indywidualne
Określnik ogólny rolnictwo
Określnik geograficzny Polska
Określnik chronologiczny od 1989 r.
650 #9 - HASŁO PRZEDMIOTOWE W FORMIE NAZWY OGÓLNEJ LUB JEDNOSTKOWEJ
Nazwa ogólna lub geograficzna Gospodarstwo rolne
Określnik geograficzny Polska
Określnik chronologiczny od 1989 r.
650 #9 - HASŁO PRZEDMIOTOWE W FORMIE NAZWY OGÓLNEJ LUB JEDNOSTKOWEJ
Nazwa ogólna lub geograficzna Gospodarstwo domowe
Określnik geograficzny Polska
Określnik chronologiczny od 1989 r.
830 #0 - HASŁO DODATKOWE SERII LUB DOKUMENTU WIELOCZĘŚCIOWEGO - TYTUŁ UJEDNOLICONY
Tytuł ujednolicony Studia i Monografie (Instytut Ekonomiki Rolnictwa i Gospodarki Żywnościowej) ;
Oznaczenie tomu 108
856 ## - LOKALIZACJA I DOSTĘP DO ELEKTRONICZNYCH DOKUMENTÓW ZDALNYCH
Link (URL) http://koha.tu.koszalin.pl/cgi-bin/koha/opac-detail.pl?biblionumber=35683
Tekst linku Katalog online BPK
942 ## - DODATKOWE ELEMENTY (KOHA)
Typ dokumentu Książka
Egzemplarze
Wycofany Status egzemplarza Uszkodzony Dostępność Lokalizacja stała Lokalizacja bieżąca Miejsce przechowywania Sygnatura Kod kreskowy Dział Typ dokumentu
      Tylko na miejscu Biblioteka Politechniki Koszalińskiej Biblioteka Politechniki Koszalińskiej Czytelnia BG S 68 01906554 338.43 Ekonomika rolnictwa Książka
© 2023 Biblioteka Politechniki Koszalińskiej :: KOHA